| 000 | 01358cam a2200361 a 4500 | ||
|---|---|---|---|
| 001 | 112298 | ||
| 005 | 20230410121201.0 | ||
| 008 | 090713s2010 hu b 001 0 eng | ||
| 035 | _a15814438 | ||
| 925 | 0 |
_aacquire _b2 shelf copies _xpolicy default |
|
| 942 |
_2lcc _cbk |
||
| 010 | _a 2009028504 | ||
| 020 | _a9789639776531 (hardcover) | ||
| 020 | _a963977653X (hardcover) | ||
| 035 | _a(OCoLC)ocn326670114 | ||
| 040 |
_aDLC _cDLC _dBTCTA _dYDXCP _dC#P _dBWX _dOHX _dDLC |
||
| 043 |
_aa-gs--- _ae-sp--- |
||
| 050 | 1 | 4 |
_aJZ 1318 _bS113g 2010 |
| 082 | 0 | 0 | _a320.540946/6 |
| 100 | 1 | _aSabanadze, Natalie. | |
| 245 | 1 | 0 |
_aGlobalization and nationalism : _bthe cases of Georgia and the Basque country / _cNatalie Sabanadze. |
| 260 |
_aBudapest ; _aNew York : _bCentral European University Press, _c2010. |
||
| 300 |
_aviii, 209 p. ; _c24 cm. |
||
| 504 | _aIncludes bibliographical references and index. | ||
| 650 | 0 |
_aGlobalization _xPolitical aspects _vCase studies. |
|
| 650 | 0 |
_aNationalism _vCase studies. |
|
| 651 | 0 |
_aPaís Vasco (Spain) _xHistory _xAutonomy and independence movements. |
|
| 651 | 0 |
_aGeorgia (Republic) _xHistory _xAutonomy and independence movements. |
|
| 650 | 0 |
_aNationalism _zSpain _zPaís Vasco. |
|
| 650 | 0 |
_aNationalism _zGeorgia (Republic) |
|
| 650 | 4 |
_aGlobalización _xAspectos políticos _vEstudio de casos |
|
| 946 | _aYSL | ||
| 999 |
_c59636 _d59636 |
||